000 00445 a2200157 4500
020 _a9780970601995
082 _a658.45
090 _c7083
_d7083
100 _aFew, Stephen
245 _a Show me the numbers : designing tables and graphs to enlighten
_cStephen Few
260 _aCalifornia
_bAnalytic Press
_c2004
300 _a268 p.
650 _aBusiness presentations--Graphic methods
700 _aStephen Few
942 _cBK
_k658.45 FEW
999 _c10888
_d10888